| 000 | 00882cam a22001694a 4500 | ||
|---|---|---|---|
| 005 | 20250605163658.0 | ||
| 008 | 250528s ||||||||||||||||||||||||d | ||
| 035 | _a24177 | ||
| 040 |
_aGR-AtMCL _bgre _dGR-AtMCL _eAACR2 |
||
| 245 | 1 | _aEuropean Railway Review / Celebrating over 20 Years of Working Together in Rail | |
| 260 |
_bEuropean Railway Review, _c2016 |
||
| 300 | _a72 | ||
| 520 | _aAn Interested Year... and Another to Follow, Making a Success of Britain's Rail Renaissance, Track and New Stations Continue to Take Shape on Crossrail, A High-Speed Future - What Do Passengers Want?, Northern's Commitment to Change, Transforming North-South Train Travel Through London, Eurasia Rail 2017, Railways: An Essential Player in Europe's Security Challenge, Swiss TAMP - A Big Data in Proactive Track Asset Management. | ||
| 942 | _cCR | ||
| 999 |
_c9072 _d9072 |
||